Thư viện, cuộc sống tự nhiên: Các loài sâu

محفوظ في:
التفاصيل البيبلوغرافية
التنسيق: كتاب
الوسوم: إضافة وسم
لا توجد وسوم, كن أول من يضع وسما على هذه التسجيلة!
Thư viện lưu trữ: Mạng thư viện Đại học Đà Nẵng
LEADER 00427nam a22001691a 4500
001 000039744
003 16039
005 20160412022641.0
008 160412s0 000
082 |a 4N(TK)363 
245 |a Thư viện, cuộc sống tự nhiên: Các loài sâu 
OWN |a LNN 
999 |a From the UDN01 
TYP |a Monograph 
980 |a Mạng thư viện Đại học Đà Nẵng